Análisis de la disminución en la emisión de gases de efecto invernadero debido a la implementación de la norma INTE C-170:2020 RESET en el diseño de un edificio prototipo
محفوظ في:
| المؤلف الرئيسي: | |
|---|---|
| مؤلفون آخرون: | |
| التنسيق: | كتاب |
| اللغة: | Spanish |
| منشور في: |
[San José], Costa Rica
2023.
|
| الموضوعات: | |
| الوسوم: |
إضافة وسم
لا توجد وسوم, كن أول من يضع وسما على هذه التسجيلة!
|
MARC
| LEADER | 00000nam a2200000Ia 4500 | ||
|---|---|---|---|
| 003 | 013691 | ||
| 005 | 20230718155148.0 | ||
| 008 | 140116s2023 cr a 000 ||spa d | ||
| 040 | |c cru CEDI | ||
| 100 | |a Calderón Madrigal, Breissy María, 1998- |9 969 | ||
| 245 | |a Análisis de la disminución en la emisión de gases de efecto invernadero debido a la implementación de la norma INTE C-170:2020 RESET en el diseño de un edificio prototipo | ||
| 260 | |a [San José], Costa Rica |c 2023. | ||
| 500 | |a Proyecto de graduación (licenciatura en ingeniería civil)--Universidad de Costa Rica. Facultad de Ingeniería. Escuela de Ingeniería Civil | ||
| 501 | |a Director de Proyecto de Graduación: Ing. Carlos Castro Campos | ||
| 650 | |x EDIFICIOS SOSTENIBLES - DISEÑO Y CONSTRUCCION - NORMAS |x MITIGACION DE GASES DEL EFECTO INVERNADERO |x CARBONO - MEDICIONES |x EDIFICIOS SOSTENIBLES - ANALISIS DE COSTOS |x CONSTRUCCION SOSTENIBLE - EVALUACION |x GASES DEL EFECTO INVERNADERO - MEDICIONES | ||
| 700 | |9 281 |a Castro Campos, Carlos Manuel |d Director del TFG | ||
| 942 | |c CEDI |h TFG 8842 |6 TFG_8842_000000000000000 | ||
| 999 | |c 13274 |d 13274 | ||
